000 00468nam a2200205Ia 4500
999 _c6141
_d6141
003 0100
008 130227s9999 xx 000 0 und d
040 _cARRUPELIB
050 _aB825.W36 2000
100 _aKoons, Robert C.
_934090
245 4 _aThe warning of materialism
260 _bOxford University Press
_aOxford
_c2010
300 _axxxi
300 _b 490p. 24cm.
650 _bFanakalo
_934091
650 _cKitchen Kaffir
_934092
942 _2lcc
_cMONOGRAPH